LEADER 01133nam 2200349 450 001 9910469148703321 005 20230414191850.0 010 $a1-66541-587-8 035 $a(CKB)5590000000440524 035 $a(NjHacI)995590000000440524 035 $a(EXLCZ)995590000000440524 100 $a20230414d2020 uy 0 101 0 $aeng 135 $aur||||||||||| 181 $ctxt$2rdacontent 182 $cc$2rdamedia 183 $acr$2rdacarrier 200 10$a2020 International Serious Games Symposium (ISGS) /$fInstitute of Electrical and Electronics Engineers 210 1$aPiscataway, New Jersey :$cIEEE,$d2020. 215 $a1 online resource (130 pages) $cillustrations 311 $a1-66544-690-0 330 $aHolistic (all aspects of humanities, arts, and engineering). 517 $a2020 International Serious Games Symposium 606 $aComputer games$vCongresses 615 0$aComputer games 676 $a794.8 801 0$bNjHacI 801 1$bNjHacl 906 $aPROCEEDING 912 $a9910469148703321 996 $a2020 International Serious Games Symposium (ISGS)$92544318 997 $aUNINA LEADER 01100nam a2200301 i 4500 001 991001644829707536 008 030528s1995 de 001 0 ger 020 $a3050009276 035 $ab12176758-39ule_inst 040 $aBiblioteca Interfacoltà$bita 082 04$a501 100 0 $aAristoteles$04207 240 10$aPhysica$l$920008 245 10$aPhysikvorlesung /$cAristoteles ; übersetzt von Hans Wagner 250 $a5., durchgesehene Aufl. 260 $aBerlin :$bAkademie Verlag,$c1995 300 $a701 p. ;$c25 cm. 440 0$aAristoteles Werke in deutscher Übersetzung / begründet von Ernst Grumach ; herausgegeben von Hellmut Flashar ;$v11 650 4$aAristotele$xFisica 700 1 $aFlashar, Hellmut 700 1 $aGrumach, Ernst 700 1 $aWagner, Hans 907 $a.b12176758$b02-04-14$c28-05-03 912 $a991001644829707536 945 $aLE002 Fil. XVIII 1/011$g1$i2002000128881$lle002$o-$pE0.00$q-$rl$so $t0$u0$v0$w0$x0$y.i12525856$z28-05-03 996 $aPhysica$920008 997 $aUNISALENTO 998 $ale002$b28-05-03$cm$da $e-$fger$gde $h0$i0